[Event "Calcutta Goodricke op"]
[Site "Calcutta"]
[Date "1998.02.06"]
[Round "1"]
[White "Das, Dipanjan"]
[Black "Mithrakanth, Poorna Sharma"]
[Result "1/2-1/2"]
[WhiteElo "2165"]
[BlackElo "2370"]

1.e4 c5 2.Nf3 d6 3.d4 cxd4 4.Nxd4 Nf6 5.Nc3 a6 6.Be3 Ng4 7.Bg5 h6 8.Bh4 g5
9.Bg3 h5 10.Be2 Bg7 11.h3 h4 12.Bxg4 hxg3 13.O-O Bxg4 14.hxg4 e6 15.Nce2 gxf2+
16.Rxf2 Be5 17.Nf3 Nc6 18.Qd2 Rg8 19.Rd1 Qf6 20.Nxe5 Qxe5 21.Nd4 Nxd4 22.Qxd4 Qxd4
23.Rxd4 Ke7 24.Rfd2 Rgd8 25.Kf2 Rac8 26.Ke3 Rc5 27.c3 Rd7 28.g3 b5 29.a4 bxa4
30.Rxa4 a5 31.Rad4 Rb5 32.Kf3 Rc7 33.Ke2 Rcb7 34.Rxd6 Rxb2 35.Ra6 Rxd2+ 36.Kxd2 Rb2+
37.Ke3 Rg2 38.Kf3 Ra2 39.e5 Ra3 40.Ra7+ Ke8 41.Ke2 Rxc3 42.Rxa5 Rxg3 43.Ra8+ Kd7
44.Ra4 Kc6 45.Kf2 Rb3 46.Ra7 Rb4 47.Rxf7 Rxg4 48.Kf3 Rg1 49.Kf2 Rh1 50.Re7 Rh5
51.Kf3 Kd5 52.Ra7 Kxe5 53.Kg4 Rh1 54.Kxg5 Rg1+ 55.Kh4 Kf5 56.Kh3 e5 57.Kh2 Rg8
58.Ra1 Ke4 59.Re1+ Kd4 60.Rd1+ Kc3 61.Re1 Rg5 62.Kh3 Kd2 63.Kh4 Rf5 64.Ra1 e4
65.Kg4 Rf2 66.Ra2+ Ke3 67.Ra3+ Kd4 68.Ra4+ Kd3 69.Ra3+  1/2-1/2

[Event "CZE-chT 9798"]
[Site "CZE"]
[Date "1998.02.07"]
[Round "6"]
[White "Svatos, Jan"]
[Black "Antoniewski, Rafal"]
[Result "0-1"]
[WhiteElo "2355"]
[BlackElo "2435"]

1.e4 c5 2.Nf3 d6 3.d4 cxd4 4.Nxd4 Nf6 5.Nc3 a6 6.Be3 e6 7.Qd2 b5 8.f3 Bb7
9.O-O-O Nbd7 10.g4 Nb6 11.Bd3 Rc8 12.g5 Nfd7 13.f4 Nc5 14.Nb3 b4 15.Ne2 Nxd3+
16.Qxd3 Nc4 17.Rhe1 Qc7 18.Ng3 a5 19.Kb1 Ba6 20.Qd4 a4 21.Na1 e5 22.fxe5 dxe5
23.Qa7 Qxa7 24.Bxa7 g6 25.Be3 a3 26.b3 Nxe3 27.Rxe3 Bc5 28.Rf3 Bd4 29.c4 bxc3
30.Nc2 O-O 31.Nxa3 Bc5 32.Nc2 Be7 33.h4 h6 34.Rd7 Rfd8 35.Rxd8+ Bxd8 36.gxh6 Bxh4
37.Nb4 Bb7 38.h7+ Kg7 39.h8=Q+ Rxh8 40.Rxc3 Bxg3 41.Rxg3 Bxe4+ 42.Kb2 f5
43.Re3 Kf6 44.a4 g5 45.a5 g4 46.a6 Rg8  0-1

[Event "CZE-chT 9798"]
[Site "CZE"]
[Date "1998.02.08"]
[Round "7"]
[White "Kalod, Radek"]
[Black "Kuczynski, Robert"]
[Result "1/2-1/2"]
[WhiteElo "2450"]
[BlackElo "2485"]

1.e4 c5 2.Nf3 d6 3.d4 cxd4 4.Nxd4 Nf6 5.Nc3 a6 6.Be3 e5 7.Nb3 Be7 8.f3 Be6
9.Nd5 Nxd5 10.exd5 Bf5 11.Qd2 Nd7 12.Na5 Qc7 13.c4 O-O 14.Be2 e4 15.fxe4 Bxe4
16.O-O Bf6 17.Rac1 Rfe8 18.b4 Bg6 19.Bf4 Qb6+ 20.Kh1 Rac8 21.Bg4 Rcd8 22.Rfd1 Ne5
23.Be2 Nd7 24.Bg4 Ne5 25.c5 dxc5 26.bxc5 Qb5 27.Be2 Nd3 28.Bxd3 Bxd3 29.Nxb7 Bb2
30.Nxd8 Bxc1 31.Qxc1 Rxd8 32.c6 Be4 33.c7 Rc8 34.Qd2 h6 35.d6 Qd7 36.Bg3 f5
37.Qd4 Kh7 38.Qe5 Re8 39.Qxe8 Qxe8 40.d7 Bxg2+ 41.Kg1 Qe3+ 42.Bf2 Qh3 43.Bg3 Bc6
44.Rd2 Bb5 45.Rd1 Bc6 46.Rd2 Bb5  1/2-1/2

[Event "Chebanenco mem 1st"]
[Site "Kishinev"]
[Date "1998.02.12"]
[Round "4"]
[White "Lanka, Zigurds"]
[Black "Rogozenko, Dorin"]
[Result "1-0"]
[WhiteElo "2525"]
[BlackElo "2495"]

1.e4 c5 2.Nf3 d6 3.d4 cxd4 4.Nxd4 Nf6 5.Nc3 a6 6.Be3 Ng4 7.Bg5 h6 8.Bh4 g5
9.Be2 Bg7 10.Bg3 h5 11.Bxg4 Bxg4 12.f3 Bd7 13.Bf2 Nc6 14.O-O e6 15.Nde2 Ne5
16.a4 Bc6 17.Bd4 h4 18.h3 b5 19.axb5 axb5 20.Rxa8 Qxa8 21.b3 f5 22.f4 b4
23.fxe5 bxc3 24.exd6 e5 25.Bc5 Bxe4 26.d7+ Kf7 27.Nxc3 Bxg2 28.Rxf5+ Kg6
29.Qg4 Bf6 30.Rf2 Bb7 31.Qf5+ Kh5 32.Qxf6  1-0

[Event "AUT-chT3 9798"]
[Site "Vorarlberg "]
[Date "1998.02.13"]
[Round "8"]
[White "Heinritz, Dietmar"]
[Black "Peterlunger, Erich"]
[Result "1/2-1/2"]
[WhiteElo "1790"]
[BlackElo "1940"]

1.e4 c5 2.Nf3 d6 3.d4 cxd4 4.Nxd4 Nf6 5.Nc3 a6 6.Be3 e6 7.f3 Be7 8.Qd2 Nbd7
9.h4 Qc7 10.h5 b5 11.g4 Ne5 12.Be2 b4 13.Nd1 h6 14.b3 d5 15.exd5 Nxd5 16.f4 Bb7
17.O-O Nc6 18.Nxc6 Bxc6 19.Bd4 Bf6 20.Bxf6 Nxf6 21.Qxb4  1/2-1/2

[Event "Cappelle op"]
[Site "Cappelle la Grande"]
[Date "1998.02.27"]
[Round "8"]
[White "Van den Doel, Erik"]
[Black "Cvitan, Ognjen"]
[Result "1/2-1/2"]
[WhiteElo "2485"]
[BlackElo "2560"]

1.e4 c5 2.Nf3 d6 3.d4 cxd4 4.Nxd4 Nf6 5.Nc3 a6 6.Be3 e5 7.Nb3 Be7 8.f3 Be6
9.Qd2 h5 10.Bd3 Nbd7 11.O-O Rc8 12.f4 Ng4 13.f5 Bc4 14.Kh1 Nxe3 15.Qxe3 Nf6
16.Nd2 Bxd3 17.Qxd3 Qc7 18.a4 O-O 19.a5 Rfd8 20.Ra4 Qc5 21.Nb3 Qc6 22.Rd1 d5
23.exd5 Nxd5 24.Nxd5 Rxd5 25.Qxd5 Qxa4 26.Qxb7 Rxc2 27.Qxe7 Qxb3 28.Rd8+ Kh7
29.Qg5 Rc6 30.f6 Rxf6 31.Qxh5+ Rh6 32.Qxe5 Qc2 33.h3 Qf2 34.Kh2 Re6 35.Qh5+ Rh6
36.Qg4 Qxb2 37.Qe4+ Rg6 38.Rd5 Qb8+ 39.Kh1 Kg8 40.Qd3 Qb2 41.Rd8+ Kh7 42.g4 Qa1+
43.Kg2 Qxa5 44.Rd5 Qb6 45.h4 f5 46.g5 Qb4 47.Rd4 Qb5 48.Qd1 Qc6+ 49.Kg3 Qe8
50.Qf3 Re6 51.Qd5 g6 52.Qd8 Re7 53.h5  1/2-1/2

[Event "Cappelle op"]
[Site "Cappelle la Grande"]
[Date "1998.02.28"]
[Round "9"]
[White "Socko, Bartosz"]
[Black "Istratescu, Andrei"]
[Result "1/2-1/2"]
[WhiteElo "2485"]
[BlackElo "2575"]

1.e4 c5 2.Nf3 d6 3.d4 cxd4 4.Nxd4 Nf6 5.Nc3 a6 6.Be3 Ng4 7.Bg5 h6 8.Bh4 g5
9.Bg3 Bg7 10.Be2 Ne5 11.O-O Nbc6 12.Nxc6 bxc6 13.Kh1 Rb8 14.Rb1 Ng6 15.Bh5 O-O
16.Qd3 Nf4 17.Bxf4 gxf4 18.Ne2 Qa5 19.Nxf4 Rxb2 20.Rxb2 Bxb2 21.Qg3+ Qg5
22.Be2 Bd4 23.Qd3 Bc5 24.Nh5 Qg6 25.f4 f5 26.e5 Kh7 27.Qf3 Bd7 28.Rb1 Qe6  1/2-1/2

[Event "AUT-chT2S 9798"]
[Site "Austria"]
[Date "1998.03.14"]
[Round "10"]
[White "Gelbmann, Norbert"]
[Black "Witzany, Christoph"]
[Result "1/2-1/2"]
[WhiteElo "2250"]
[BlackElo "2120"]

1.e4 c5 2.Nf3 d6 3.d4 cxd4 4.Nxd4 Nf6 5.Nc3 a6 6.Be3 e5 7.Nf3 Qc7 8.a4 b6
9.Be2 Be7 10.O-O O-O 11.h3 Bb7 12.Nd2 d5 13.exd5 Nxd5 14.Nxd5 Bxd5 15.c4 Be6
16.Bf3 Nc6 17.Bd5 Bxd5 18.cxd5 Nb4 19.Rc1 Qd8 20.Nc4 Nxd5 21.Qb3 Nxe3 22.fxe3 Bc5
23.Rf5 e4 24.Rd1 Qc8 25.Rdf1 Qe6 26.Re5 Qc6 27.Ref5 Qe6 28.Re5 Qc6  1/2-1/2

[Event "JUG-ch53"]
[Site "Belgrade "]
[Date "1998.03.15"]
[Round "2"]
[White "Kovacevic, Aleksandar"]
[Black "Ilincic, Zlatko"]
[Result "1-0"]
[WhiteElo "2515"]
[BlackElo "2565"]

1.e4 c5 2.Nf3 d6 3.d4 cxd4 4.Nxd4 Nf6 5.Nc3 a6 6.Be3 Ng4 7.Bg5 h6 8.Bh4 g5
9.Bg3 Bg7 10.Qd2 Nc6 11.Nb3 b5 12.f3 Nge5 13.Bf2 Rb8 14.Nd4 Na5 15.b3 e6
16.Be2 Nec6 17.Rd1 Be5 18.a4 b4 19.Na2 Qf6 20.g3 Ke7 21.Nxc6+ Nxc6 22.O-O Rd8
23.Kh1 a5 24.Be3 Bb7 25.Bb5 Ba8 26.Qf2 Qg6 27.Bd3 Rg8 28.Nc1 h5 29.Ne2 Qf6
30.f4 gxf4 31.gxf4 Bb2 32.Ng3 Qh8 33.Be2 Nd8 34.Bc5 Nb7 35.Be3 Rbc8 36.Bf3 Nc5
37.e5 Bxf3+ 38.Qxf3 d5 39.Bxc5+ Rxc5 40.f5 Qxe5 41.fxe6 f6 42.Nf5+ Kd8 43.Rfe1  1-0

[Event "POL-ch"]
[Site "Ksiaz"]
[Date "1998.03.16"]
[Round "5"]
[White "Kaminski, Marcin"]
[Black "Palus, Ryszard"]
[Result "1-0"]
[WhiteElo "2535"]
[BlackElo "2385"]

1.e4 c5 2.Nf3 d6 3.d4 cxd4 4.Nxd4 Nf6 5.Nc3 a6 6.Be3 e6 7.Be2 Nbd7 8.g4 Nc5
9.f3 h6 10.Qd2 Bd7 11.h4 g6 12.O-O-O b5 13.g5 hxg5 14.Bxg5 b4 15.Nb1 Rb8
16.e5 Qa5 17.Bxf6 Qxa2 18.Bxh8 Na4 19.Qe3 b3 20.Nxb3 d5 21.Kd2 Bb4+ 22.c3 Nxb2
23.Ke1 Qxb3 24.Rc1 Na4 25.h5 d4 26.Qxd4 Nxc3 27.Nxc3 Qb2 28.Qd2 Qa3 29.hxg6 fxg6
30.Bf6 Ba4 31.Rh8+  1-0

[Event "JUG-ch53"]
[Site "Belgrade "]
[Date "1998.03.18"]
[Round "5"]
[White "Popovic, Petar"]
[Black "Barlov, Dragan"]
[Result "1-0"]
[WhiteElo "2525"]
[BlackElo "2490"]

1.e4 c5 2.Nf3 d6 3.d4 cxd4 4.Nxd4 Nf6 5.Nc3 a6 6.Be3 e6 7.Be2 Qc7 8.a4 b6
9.f4 Bb7 10.Bf3 Nbd7 11.f5 e5 12.Nb3 d5 13.Nxd5 Bxd5 14.exd5 e4 15.Be2 Qe5
16.Qd4 Qxf5 17.d6 Rc8 18.O-O-O Rc6 19.Bxa6 Rxd6 20.Qc4 Nd5 21.Nd4 Qf6 22.Nb5 Nxe3
23.Qc8+ Qd8 24.Nxd6+ Bxd6 25.Rxd6 Qxc8 26.Bxc8 Nf6 27.Rxb6 O-O 28.Bh3 Re8
29.b3 Nfd5 30.Rc6 g5 31.Rc8 Rxc8 32.Bxc8 Nxg2 33.Bb7  1-0

[Event "Szeged TT03 IM"]
[Site "Szeged"]
[Date "1998.03.19"]
[Round "1"]
[White "Farkas, Tibor"]
[Black "Rodriguez Lopez, Rafael"]
[Result "0-1"]
[WhiteElo "2340"]
[BlackElo "2285"]

1.e4 c5 2.Nf3 d6 3.d4 Nf6 4.Nc3 cxd4 5.Nxd4 a6 6.Be3 Qc7 7.Be2 e6 8.f4 Be7
9.O-O O-O 10.a4 b6 11.Bf3 Bb7 12.e5 dxe5 13.fxe5 Qxe5 14.Qd2 Bxf3 15.Nxf3 Qc7
16.Bf4 Qb7 17.Rae1 Nc6 18.Kh1 Bb4 19.Bh6 Ne7 20.Ne5 Bxc3 21.bxc3 Ne4 22.Qd4 f5
23.Bxg7 Rfd8 24.Qc4 Kxg7 25.Qxe6 Ng5 26.Qc4 Rd2 27.Nf3 Nxf3 28.Rxf3 Ng6 29.h4 Rc8
30.Qe6 Rxg2  0-1

[Event "JUG-ch53"]
[Site "Belgrade "]
[Date "1998.03.27"]
[Round "13"]
[White "Knezevic, Bojan"]
[Black "Popovic, Petar"]
[Result "1-0"]
[WhiteElo "2420"]
[BlackElo "2525"]

1.e4 c5 2.Nf3 d6 3.d4 cxd4 4.Nxd4 Nf6 5.Nc3 a6 6.Be3 e5 7.Nb3 Be6 8.Qd2 Be7
9.f3 h5 10.Nd5 Bxd5 11.exd5 Nbd7 12.Na5 Qc7 13.c4 e4 14.Rc1 exf3 15.gxf3 Ne5
16.Be2 b6 17.Nb3 O-O 18.O-O Rfe8 19.a4 a5 20.Nd4 Ned7 21.Rce1 Nc5 22.Bd1 Nfd7
23.Bc2 Ne5 24.b3 Bf6 25.Re2 g6 26.h3 Ned7 27.Rg2 Nf8 28.Nf5 Nh7 29.Bd4 Bxd4+
30.Qxd4 Re5 31.Nh6+ Kg7 32.Nf5+ Kg8 33.f4 Rxf5 34.Bxf5 Nxb3 35.Qc3 Qc5+ 36.Kh1 Qb4
37.Qf3 Nd2 38.Qxh5 Nxf1 39.Bxg6 Ng3+ 40.Rxg3 Qe1+ 41.Rg1  1-0

[Event "JUG-ch53"]
[Site "Belgrade "]
[Date "1998.03.28"]
[Round "14"]
[White "Popovic, Petar"]
[Black "Tosic, Miroslav"]
[Result "0-1"]
[WhiteElo "2525"]
[BlackElo "2505"]

1.e4 c5 2.Nf3 d6 3.d4 cxd4 4.Nxd4 Nf6 5.Nc3 a6 6.Be3 e6 7.Be2 Be7 8.f4 O-O
9.O-O Nc6 10.a4 Qc7 11.Kh1 Re8 12.Bf3 Rb8 13.Qd2 Bd7 14.Nb3 b6 15.g4 Bc8
16.g5 Nd7 17.Bg2 Bf8 18.Rf3 Na5 19.Qf2 Nc4 20.Bc1 g6 21.Rh3 Bg7 22.Nd2 b5
23.axb5 axb5 24.Nxc4 Qxc4 25.b3 Qc5 26.Qxc5 Nxc5 27.Ra5 Bd7 28.b4 Na4 29.Nxa4 bxa4
30.Bd2 Rec8 31.Rd3 Rxc2 32.Rxd6 Bc6 33.h3 Bf8 34.Rd4 Rb2 35.Ra6 Bb5 36.Ra5 Rxd2
37.Rxd2 Bxb4  0-1

[Event "Budapest FS04 GM"]
[Site "Budapest"]
[Date "1998.04.04"]
[Round "1"]
[White "Sherzer, Alex"]
[Black "Ruck, Robert"]
[Result "1-0"]
[WhiteElo "2490"]
[BlackElo "2450"]

1.e4 c5 2.Nf3 d6 3.d4 cxd4 4.Nxd4 Nf6 5.Nc3 a6 6.Be3 Ng4 7.Bg5 h6 8.Bc1 Nc6
9.Be2 Nf6 10.f4 Qb6 11.Nb3 e6 12.Qd3 Nb4 13.Qd2 Bd7 14.a3 Nc6 15.Qe3 Qxe3
16.Bxe3 Be7 17.O-O-O b5 18.Bf3 Rb8 19.e5 dxe5 20.fxe5 Nxe5 21.Bf4 Nxf3 22.Bxb8 Nh4
23.g3 Nf5 24.Ba7 h5 25.Rhg1 O-O 26.Bc5 Bxc5 27.Nxc5 Bc8 28.N5e4 Nxe4 29.Nxe4 Ne3
30.Rd6 Nc4 31.Rd3 Bb7 32.Nc5 Bc8 33.Rgd1 Re8 34.b3 Ne5 35.Rd6 Ng4 36.R1d2 e5
37.Nxa6 e4 38.Rd8 Nf6 39.Nc7 e3 40.Rxe8+ Nxe8 41.Rd8  1-0

[Event "AUT-ch U16"]
[Site "Koestendorf"]
[Date "1998.04.04"]
[Round "1.3"]
[White "Wolfram, Bernd"]
[Black "Herbst, Daniel"]
[Result "0-1"]
[WhiteElo "1791"]
[BlackElo "1979"]

1.e4 c5 2.Nf3 d6 3.d4 cxd4 4.Nxd4 Nf6 5.Nc3 a6 6.Be3 e5 7.Nb3 Be6 8.Be2 Be7
9.O-O O-O 10.f3 Nbd7 11.Nd5 Nxd5 12.exd5 Bf5 13.c4 Bg5 14.Qd2 Bxe3+ 15.Qxe3 b6
16.Nd2 a5 17.Ne4 Bxe4 18.fxe4 Qc7 19.Rf2 Qc5 20.Qd2 f5 21.exf5 Rxf5 22.Rf1 Raf8
23.Bg4 Rxf2 24.Rxf2 Rxf2 25.Qxf2 Nf6 26.Qxc5 bxc5 27.Bf5 g6 28.Bd3 Kg7 29.Kf2 Nd7
30.Ke2 Kh6 31.a3 Kg5 32.Ke3 Nf6 33.Be2 Kf5 34.Bd3+ e4 35.Be2 h5 36.h3 h4
37.Bd1 Nh5 38.Bc2 Ng3 39.Bd1 Ke5 40.Bc2 Nf5+ 41.Ke2 Kd4 42.b3 Ne3  0-1

[Event "Neckar op 2nd"]
[Site "Deizisau"]
[Date "1998.04.06"]
[Round "2"]
[White "Rau, Juergen"]
[Black "Gutman, Lev"]
[Result "0-1"]
[WhiteElo "2170"]
[BlackElo "2475"]

1.e4 c5 2.Nf3 d6 3.d4 cxd4 4.Nxd4 Nf6 5.Nc3 a6 6.Be3 Ng4 7.Bg5 Bd7 8.f3 Nf6
9.Qd2 b5 10.Be3 Nc6 11.g4 Nxd4 12.Bxd4 e5 13.Be3 b4 14.Nd5 Nxd5 15.Qxd5 Be7
16.Bc4 O-O 17.O-O-O Qc7 18.Qd3 Bb5 19.Bxb5 axb5 20.Qb3 Ra5 21.Kd2 Rfa8 22.Ra1 Qc4
23.Qxc4 bxc4 24.a3 Kf8 25.Ke2 Ke8 26.Bd2 c3 27.bxc3 bxa3 28.Ra2 Kd7 29.Rb1 Kc6
30.c4 Ra4 31.Kd3 h5 32.h3 hxg4 33.hxg4 Rh8 34.Be3 Rh3 35.Rf1 g6 36.Bc1 f5
37.gxf5 gxf5 38.exf5 d5 39.cxd5+ Kxd5 40.Be3 Rh5 41.f6 Bxf6 42.c4+ Ke6 43.Bc1 Be7
44.Kc3 Rh4 45.Kb3 Rb4+ 46.Kc3 Rhxc4+ 47.Kd3 Rc8 48.Re1 Rb3+ 49.Kd2 Rh8 50.Rf1 Bc5  0-1

[Event "Dreifluesse op"]
[Site "Passau"]
[Date "1998.04.10"]
[Round "1"]
[White "Wach, Markus"]
[Black "Walch, Ingo"]
[Result "1-0"]
[WhiteElo "2410"]
[BlackElo "1950"]

1.e4 c5 2.Nf3 d6 3.d4 cxd4 4.Nxd4 Nf6 5.Nc3 a6 6.Be3 e5 7.Nb3 Be7 8.f3 Be6
9.Qd2 Qc7 10.g4 h6 11.O-O-O Nbd7 12.Kb1 b5 13.h4 Nb6 14.Rg1 Nc4 15.Bxc4 bxc4
16.Nc1 Rb8 17.g5 Qb7 18.b3 cxb3 19.cxb3 hxg5 20.hxg5 Nd7 21.Rh1 Rf8 22.Rh7 g6
23.Nd5 Bxd5 24.exd5 Nb6 25.Qb4 Nd7 26.Qxb7 Rxb7 27.Ne2 Bd8 28.Nc3 Bb6 29.Bxb6 Nxb6
30.Ne4 Ke7 31.Nf6 Nd7 32.Nxd7 Kxd7 33.f4 exf4 34.Rd4 Rb5 35.Kc2 Kc7 36.Kd3 Ra5
37.a4 Rc5 38.b4 Rc1 39.Rxf4 Rd1+ 40.Kc4 Rc1+ 41.Kb3 Rb1+ 42.Kc2 Rg1 43.Rhxf7+ Rxf7
44.Rxf7+ Kb6 45.Rd7 Rxg5 46.Rxd6+ Kb7 47.Kc3 Rg4 48.a5 g5 49.Rb6+ Ka7 50.Rg6 Rg1
51.Rg7+ Kb8 52.Kd4 g4 53.Kc5 g3 54.Kb6 Kc8 55.Kxa6 g2 56.b5 Rd1 57.Rxg2 Rxd5
58.b6 Rd8 59.Ka7 Rd7+ 60.Ka8 Rd8 61.Rg7  1-0

[Event "Dreifluesse op"]
[Site "Passau"]
[Date "1998.04.12"]
[Round "6"]
[White "Heiduczek, Josef"]
[Black "Kargoll, Boris"]
[Result "1/2-1/2"]
[WhiteElo "2090"]
[BlackElo "2295"]

1.e4 c5 2.Nf3 d6 3.d4 cxd4 4.Nxd4 Nf6 5.Nc3 a6 6.Be3 Ng4 7.Bg5 h6 8.Bh4 g5
9.Bg3 Bg7 10.Bc4 Ne5 11.Bb3 Nbc6 12.Nxc6 bxc6 13.h4 g4 14.h5 Qa5 15.Qd2 Be6
16.Na4 Qxd2+ 17.Kxd2 Rb8 18.Rad1 Rb4 19.Rhe1 Bf6 20.Kc1 O-O 21.Bf4 Kh7 22.Bd2 Bg5
23.Nc3 Rfb8 24.Bxg5 hxg5 25.Kd2 c5 26.Bxe6 fxe6 27.b3 Rd4+ 28.Ke3 Rxd1 29.Nxd1 Kh6
30.Nb2 Kxh5 31.Nd3 Nxd3 32.Kxd3 Kg6 33.Rh1 Rf8 34.Ke3 a5 35.c3 Rb8 36.Rb1 Kf6
37.a3 Ke5 38.b4 axb4 39.axb4 cxb4 40.cxb4 Rb5 41.f3 gxf3 42.gxf3 d5 43.Rb3 dxe4
44.fxe4 g4 45.Rb1 Rb8 46.b5 g3 47.b6 g2 48.Rb5+ Kd6 49.Rg5 Rxb6 50.Rxg2 Rb3+
51.Kd4 e5+ 52.Kc4 Re3 53.Rg6+ e6 54.Rg4 Ke7 55.Rg8 Rxe4+ 56.Kd3 Ra4 57.Ke3 e4
58.Rb8 Kf6 59.Rb5 e5 60.Rb8 Ke6 61.Re8+ Kf6  1/2-1/2

[Event "Boca Juniors op"]
[Site "Buenos Aires"]
[Date "1998.05.08"]
[Round "2"]
[White "Rodriguez, Andres"]
[Black "Iglesias, Jorge"]
[Result "1/2-1/2"]
[WhiteElo "2475"]
[BlackElo "2275"]

1.e4 c5 2.Nf3 d6 3.d4 cxd4 4.Nxd4 Nf6 5.Nc3 a6 6.Be3 e6 7.f3 b5 8.Qd2 Nbd7
9.g4 h6 10.O-O-O Bb7 11.Bd3 Rc8 12.Rhe1 Ne5 13.Kb1 Nfd7 14.g5 Nb6 15.g6 Nbc4
16.gxf7+ Kxf7 17.Qg2 b4 18.Na4 Qd7 19.Qh3 Be7 20.b3 Na3+ 21.Kc1 Bd8 22.Re2 Re8
23.Qg2 Qc7 24.c4 Nxd3+ 25.Rxd3 Nxc4 26.Rc2 Nxe3 27.Rxe3 Qd7 28.Rd3 Rxc2+
29.Nxc2 Qc7 30.Kb1 a5 31.Ne3 Ba6 32.Rd1 Be7 33.Nb2 Rc8 34.Nbc4 Qc5 35.Rg1 Bf6
36.Qg6+ Ke7 37.Qh7 Kf7 38.Qg6+ Ke7 39.Rd1 a4 40.Rd5 Bxc4 41.Rxc5 Bd3+ 42.Rc2 Rc5
43.Kc1  1/2-1/2

[Event "Budapest FS05 IM"]
[Site "Budapest"]
[Date "1998.05.09"]
[Round "8"]
[White "Pinter, Gyula"]
[Black "Gruzmann, Boris"]
[Result "1-0"]
[WhiteElo "2135"]
[BlackElo "2290"]

1.e4 c5 2.Nf3 d6 3.d4 cxd4 4.Nxd4 Nf6 5.Nc3 a6 6.Be3 e5 7.Nb3 Be7 8.Be2 O-O
9.O-O Nc6 10.f3 b5 11.Nd5 Nxd5 12.exd5 Na5 13.Qd2 Nxb3 14.axb3 Bd7 15.b4 f5
16.f4 g5 17.fxe5 dxe5 18.d6 Bf6 19.Qd5+ Kh8 20.Bf3 Rc8 21.Rxa6 Rxc2 22.Rfa1 e4
23.Bh5 f4 24.Bb6 Qc8 25.Bc5 e3 26.Ra7 Bc6 27.Rxh7+ Kxh7 28.Qd3+ Kh8 29.Qxc2 Bg7
30.Ra7 Qe6 31.Bd4 Rg8 32.Rxg7 Rxg7 33.Qxc6 e2 34.Bxg7+ Kxg7 35.Qc3+ Kg8 36.Kf2 g4
37.Ke1 f3 38.gxf3 Qxd6 39.Qb3+ Kg7 40.Qc3+ Kg8 41.Qb3+ Kf8 42.Bxg4  1-0

[Event "Warsaw-ch"]
[Site "Warsaw"]
[Date "1998.05.25"]
[Round "3"]
[White "Kolasinski, Marek"]
[Black "Wiech, Grzegorz"]
[Result "0-1"]
[WhiteElo "2280"]
[BlackElo "2300"]

1.e4 c5 2.Nf3 d6 3.d4 cxd4 4.Nxd4 Nf6 5.Nc3 a6 6.Be3 e6 7.Be2 Be7 8.O-O O-O
9.f4 Nc6 10.Qe1 Nxd4 11.Bxd4 b5 12.Bf3 Bb7 13.Rd1 Qc7 14.e5 dxe5 15.fxe5 Nd7
16.Bxb7 Qxb7 17.Ne4 Qc7 18.Qg3 f5 19.exf6 Qxg3 20.Nxg3 Bxf6 21.Rfe1 Rfe8
22.Ne4 e5 23.Bf2 Nf8 24.Rd6 Re6 25.Red1 Be7 26.R6d5 Rc8 27.c3 Rc4 28.Re1 Ng6
29.Nd2 Rc8 30.Nb3 Kf7 31.Bg3 Rd8 32.Rxd8 Bxd8 33.Nd2 Be7 34.Ne4 Rc6 35.Kf2 Ke6
36.Ke3 Nf8 37.Kd3 Nd7 38.b3 Nc5+ 39.Nxc5+ Rxc5 40.Re2 Bd6 41.c4 bxc4+ 42.bxc4 Ra5
43.Ke4 Ra3 44.Rc2 Bc5 45.Re2 Bd4 46.Be1 a5 47.h3 g6 48.g4 Rxh3 49.Bxa5 Rg3
50.Bb4 Rxg4+ 51.Kf3 Kf5 52.Rh2 h5  0-1

[Event "Warsaw-ch"]
[Site "Warsaw"]
[Date "1998.05.29"]
[Round "7"]
[White "Grabarczyk, Bogdan"]
[Black "Wiech, Grzegorz"]
[Result "1/2-1/2"]
[WhiteElo "2425"]
[BlackElo "2300"]

1.e4 c5 2.Nf3 d6 3.d4 cxd4 4.Nxd4 Nf6 5.Nc3 a6 6.Be3 e6 7.f3 Nbd7 8.g4 h6
9.Qd2 b5 10.O-O-O Bb7 11.Rg1 b4 12.Nce2 d5 13.exd5 Nxd5 14.Nf4 Bc5 15.Nxd5 Bxd5
16.Nb3 Bxe3 17.Qxe3 Qb6 18.Qxb6 Nxb6 19.f4 Ke7 20.Bg2 Rac8 21.Rd4 Bxb3 22.axb3 a5
23.Re1 Rhd8 24.Rde4 Nd7 25.h3 Nc5 26.Rc4 Rd4 27.Bf1 Rxc4 28.Bxc4 Rd8 29.f5 Rd4
30.fxe6 fxe6 31.Re3 Re4 32.Rf3 Re1+ 33.Kd2 Rh1 34.Ke3 Rh2 35.Bd3 e5 36.Bg6 Ne6
37.Rf7+ Kd6 38.Ra7 Rxh3+ 39.Kf2 Nf4 40.Bf5 g6 41.Bxg6 Nxg6 42.Ra6+ Kd5 43.Rxg6 Rh2+
44.Ke3 Rxc2 45.Ra6 Rxb2 46.Rxa5+ Ke6 47.Ra6+ Kd5 48.Ra5+ Kd6 49.Ra6+ Kc5
50.Ra5+ Kb6 51.Rxe5 Rxb3+ 52.Kd2 Rc3 53.g5 hxg5 54.Rxg5 Rc6 55.Rh5 Ka6  1/2-1/2

[Event "Garcia mem Premier"]
[Site "Santa Clara"]
[Date "1998.06.03"]
[Round "9"]
[White "Perez, Rodney"]
[Black "Martin del Campo, Roberto"]
[Result "1/2-1/2"]
[WhiteElo "2395"]
[BlackElo "2485"]

1.e4 c5 2.Nf3 d6 3.d4 cxd4 4.Nxd4 Nf6 5.Nc3 a6 6.Be3 e5 7.Nb3 Be6 8.f3 h5
9.Qd2 Nbd7 10.O-O-O Rc8 11.Nd5 Nxd5 12.exd5 Bf5 13.Bd3 Bxd3 14.Qxd3 Be7 15.f4 O-O
16.Kb1 Qc7 17.Rd2 a5 18.Qb5 Ra8 19.a4 Rfc8 20.Rc1 Ra6 21.g3 Bf6 22.c4 exf4
23.gxf4 Nc5 24.Nxc5 dxc5 25.Qb3 Rb6 26.Qd1 Qd7 27.Ka2 Rb4 28.b3 b5 29.cxb5 c4
30.Rxc4 Rcxc4 31.bxc4 Rxc4 32.Rd3 Qf5 33.d6 Qe4 34.Ka3 Rxa4+ 35.Qxa4 Qxd3+
36.Qb3 Qxd6+ 37.Ka4 Bd8 38.b6 Kh7 39.Kxa5 Bxb6+  1/2-1/2

[Event "Tan Chin Nam"]
[Site "Beijing"]
[Date "1998.06.11"]
[Round "4"]
[White "Magem Badals, Jorge"]
[Black "Zhang Zhong"]
[Result "1/2-1/2"]
[WhiteElo "2535"]
[BlackElo "2530"]

1.e4 c5 2.Nf3 d6 3.d4 Nf6 4.Nc3 cxd4 5.Nxd4 a6 6.Be3 e5 7.Nb3 Be6 8.f3 Nbd7
9.Qd2 b5 10.a4 b4 11.Nd5 Bxd5 12.exd5 Nb6 13.Bxb6 Qxb6 14.a5 Qb7 15.Bc4 Be7
16.Ra4 Rb8 17.Nc1 O-O 18.Na2 Nd7 19.Rxb4 Qc7 20.Rxb8 Rxb8 21.b3 Qc5 22.Bxa6 Qa3
23.Nc1  1/2-1/2

[Event "Agency"]
[Site "London"]
[Date "1998.06.15"]
[Round "1"]
[White "Van den Doel, Erik"]
[Black "Gormally, Daniel"]
[Result "1-0"]
[WhiteElo "2485"]
[BlackElo "2415"]

1.e4 c5 2.Nf3 d6 3.d4 cxd4 4.Nxd4 Nf6 5.Nc3 a6 6.Be3 e5 7.Nf3 Qc7 8.Be2 Be7
9.a4 O-O 10.O-O Nbd7 11.Nd2 b6 12.Bc4 Bb7 13.Ba2 Bc6 14.Qe2 h6 15.Rfd1 Rfd8
16.Qc4  1-0

[Event "Tan Chin Nam"]
[Site "Beijing"]
[Date "1998.06.17"]
[Round "10"]
[White "Xie Jun"]
[Black "Lin Weiguo"]
[Result "1/2-1/2"]
[WhiteElo "2485"]
[BlackElo "2460"]

1.e4 c5 2.Nf3 d6 3.d4 cxd4 4.Nxd4 Nf6 5.Nc3 a6 6.Be3 Ng4 7.Bg5 h6 8.Bh4 g5
9.Bg3 Bg7 10.Be2 h5 11.Bxg4 hxg4 12.O-O Bxd4 13.Qxd4 f6 14.Nd5 Nc6 15.Qe3 Be6
16.Rad1 Kf7 17.c4 Qa5 18.a3 Qc5 19.Qd2 Rac8 20.b4 Qxc4 21.Nb6 Qxe4 22.Rfe1 Qf5
23.Nxc8 Rxc8 24.Qe3 Rc7 25.Rb1 Rd7 26.b5 Na5 27.bxa6 bxa6 28.Rb4 Nb7 29.Qe2 Nc5
30.Rb8 Nd3 31.Reb1 Bd5 32.h3 gxh3 33.Qh5+ Ke6 34.Rf8 Qe4 35.Qf7+ Kf5 36.Qh7+ Ke6  1/2-1/2

[Event "Budapest FS06 GM"]
[Site "Budapest"]
[Date "1998.06.17"]
[Round "12"]
[White "Borge, Nikolaj"]
[Black "Roeder, Mathias"]
[Result "1-0"]
[WhiteElo "2390"]
[BlackElo "2435"]

1.e4 c5 2.Nc3 d6 3.Nge2 Nf6 4.d4 cxd4 5.Nxd4 a6 6.Be3 e5 7.Nb3 Be6 8.f3 Be7
9.Qd2 O-O 10.O-O-O b5 11.g4 b4 12.Na4 Nbd7 13.Qxb4 d5 14.Nac5 Qc8 15.Qa5 dxe4
16.Nxe6 fxe6 17.g5 Nd5 18.Rxd5 exd5 19.Qxd5+ Kh8 20.Qxe4 Nc5 21.Bxc5  1-0

[Event "Agency"]
[Site "London"]
[Date "1998.06.23"]
[Round "9"]
[White "Van den Doel, Erik"]
[Black "Bates, Richard"]
[Result "1-0"]
[WhiteElo "2485"]
[BlackElo "2430"]

1.e4 c5 2.Nf3 d6 3.d4 cxd4 4.Nxd4 Nf6 5.Nc3 a6 6.Be3 e5 7.Nf3 Qc7 8.Be2 Be7
9.a4 O-O 10.O-O b6 11.Qd3 Bb7 12.Qc4 Qd8 13.Nd2 Nbd7 14.Qb3 Rc8 15.Bc4 Nc5
16.Bxc5 Rxc5 17.Nd5 Nxd5 18.Bxd5 Bxd5 19.exd5 Qc7 20.c4 b5 21.cxb5 axb5 22.a5 Qb7
23.Ne4 Rxd5 24.a6 Qa8 25.a7 b4 26.Ng3 Rc8 27.Qxb4 Rdc5 28.Qa4 Rc4 29.b4 d5
30.Rfb1 g6 31.Qa5 Bd8 32.Qb5 Kg7 33.Nf1 R4c7 34.Qa4 d4 35.Nd2 Re7 36.Qa6 Rcc7
37.Qd6 Rcd7 38.Qb8  1-0

[Event "Politiken Cup"]
[Site "Copenhagen"]
[Date "1998.07.09"]
[Round "6"]
[White "Pedersen, Steffen"]
[Black "Coleman, David"]
[Result "1-0"]
[WhiteElo "2415"]
[BlackElo "2240"]

1.e4 c5 2.Nf3 d6 3.d4 cxd4 4.Nxd4 Nf6 5.Nc3 a6 6.Be3 e6 7.Be2 Be7 8.O-O O-O
9.f4 Nc6 10.a4 Qc7 11.Kh1 Bd7 12.Nb3 b6 13.Bf3 Rab8 14.g4 Bc8 15.g5 Nd7 16.Bg2 Re8
17.Nd4 Bf8 18.Qf3 Bb7 19.Qh3 Nc5 20.f5 exf5 21.Nd5 Qd8 22.Nxf5 Nxe4 23.Bxb6 Qxg5
24.Rg1 Qg6 25.Bxe4 Rxe4 26.Rxg6 hxg6 27.Ng3 Rc4 28.Kg1 Ne5 29.Ba7 Re8 30.Qg2 Bc6
31.b3  1-0

[Event "Szeged TT07 IM"]
[Site "Szeged"]
[Date "1998.07.20"]
[Round "5"]
[White "Dovzik, Juri"]
[Black "Szeberenyi, Adam"]
[Result "1/2-1/2"]
[WhiteElo "2390"]
[BlackElo "2230"]

1.e4 c5 2.Nf3 d6 3.d4 cxd4 4.Nxd4 Nf6 5.Nc3 a6 6.Be3 Ng4 7.Bg5 h6 8.Bh4 g5
9.Bg3 Bg7 10.Be2 h5 11.Bxg4 Bxg4 12.f3 Be6 13.Nxe6 fxe6 14.Qd2 Qa5 15.O-O Nc6
16.Rab1 Ne5 17.b4 Nc4 18.Qd3 Qc7 19.Ne2 h4 20.Bf2 Ne5 21.Qb3 Qc4 22.Nd4 Qxb3
23.axb3 Kd7 24.Rfd1 h3 25.c4 Raf8 26.Bg3 hxg2 27.Kxg2 Ng6 28.c5 Nh4+ 29.Bxh4 Rxh4
30.Ne2 Rfh8 31.Rh1 Be5 32.h3 d5 33.Rbd1 Kc6 34.exd5+ exd5 35.Nc1 Bg7 36.Nd3 e5
37.Rhe1 Rf8 38.Re3 e4 39.fxe4 Rxe4  1/2-1/2